000
00203 a2200109 4500
020
_a
9781641569286
041
_a
spa
100
_a
Tammy Brown
245
_a
Juegos Favoritos
942
_c
BK
952
_7
1
999
_c
23777
_d
23777